| 000 | 00384nam a2200145Ia 4500 | ||
|---|---|---|---|
| 008 | 150201s1999 xx 000 0 und d | ||
| 082 |
_a576 _bM1999G |
||
| 100 | _aCOLLEE,J.GERALD | ||
| 245 | _aMACKIE & McCARTNEY :PRACTICAL MEDICAL MICROBIOLOGY | ||
| 250 | _a14TH | ||
| 260 |
_bCHURCHILL LIVINGSTONE _aEDINBURGH _c1999 |
||
| 300 | _a1-978 | ||
| 650 | _aMICROBIOLOGY | ||
| 942 |
_2ddc _cBK |
||
| 999 |
_c2638 _d2638 |
||